Top 15 Smallest Countries by Area - Statistics

General Stats
  • This quiz has been taken 15 times
  • The average score is 9 of 15
Answer Stats
Answer % Correct
Vatican City
100%
Liechtenstein
93%
Monaco
87%
San Marino
73%
St Kitts and Nevis
73%
St Vincent and the Grenadines
73%
Antigua and Barbuda
60%
Grenada
60%
Nauru
60%
Barbados
53%
Tuvalu
53%
Malta
47%
Maldives
40%
Marshall Islands
40%
Seychelles
33%
No matching quizzes found
Score Distribution
Percent of People with Each Score
Percentile by Number Answered
Your Score History
You have not taken this quiz